000 00668nam a2200241Ia 4500
003 OSt
005 20221005033606.0
006 a|||||r|||| 00| 0
007 ta
008 221004b |||||||| |||| 00| 0 eng d
024 _a64223
037 _cTextual
040 _aCRL
_cCRL
_beng
041 _2eng
_aeng
082 _aW94.2.N47<--N20, M5
100 _aChoudhury Veena
_9123518
245 0 _aIndian nationalism and external forces
_b 1920-47
260 _aDelhi
_bCapital India
_c1985
300 _a234p.
_ccm.
650 _aPOLITICAL SCIENCE
942 _hW94.2.N47<--N20, M5
_cTEXL
_2cc
999 _c941779
_d941779